[Event "Niedersachsen-ch"]
[Site "Verden"]
[Date "2016.01.05"]
[Round "5"]
[White "Eschholz, Enno"]
[Black "Tonndorf, Matthias"]
[Result "1/2-1/2"]
[WhiteElo "2175"]
[BlackElo "2260"]
[PlyCount "47"]
[EventDate "2016.01.03"]
[EventType "swiss"]
[EventRounds "7"]
[EventCountry "GER"]
[SourceTitle "EXT 2018"]
[Source "ChessBase"]
[SourceDate "2017.10.13"]
[SourceVersion "1"]
[SourceVersionDate "2017.10.13"]
[SourceQuality "1"]

1. e4 c5 2. Nc3 a6 3. g3 b5 4. Bg2 Bb7 5. d3 e6 6. Nf3 d6 7. 0-0 Nd7 8. Qe2 Qc7 9. Bd2 Be7 10. Ng5 Bf6 11. h4 b4 12. Nd1 h6 13. Nh3 Ne7 14. Rb1 Nc6 15. Ne3 Nd4 16. Qd1 h5 17. c3 Nc6 18. Nc4 a5 19. f4 Be7 20. f5 e5 21. Bf3 Nf6 22. Bg5 0-0-0 23. Ne3 Nb8 24. c4 1/2-1/2

[Event "Niedersachsen-ch"]
[Site "Verden"]
[Date "2014.01.04"]
[Round "6"]
[White "Eschholz, Enno"]
[Black "Tonndorf, Matthias"]
[Result "1/2-1/2"]
[WhiteElo "2222"]
[BlackElo "2219"]
[PlyCount "93"]
[EventDate "2014.01.02"]
[EventType "swiss"]
[EventRounds "7"]
[EventCountry "GER"]
[SourceTitle "EXT 2016"]
[Source "ChessBase"]
[SourceDate "2015.10.08"]
[SourceVersion "1"]
[SourceVersionDate "2015.10.08"]
[SourceQuality "1"]

1. e4 c5 2. Nc3 e6 3. g3 b6 4. Bg2 Bb7 5. d3 Nf6 6. Nf3 d6 7. 0-0 Nbd7 8. Re1 Rc8 9. d4 cxd4 10. Nxd4 Qc7 11. g4 h6 12. f4 a6 13. g5 hxg5 14. fxg5 Ng8 15. g6 Ngf6 16. gxf7+ Kxf7 17. Nf3 Kg8 18. Ng5 Qc5+ 19. Be3 Qe5 20. Nf3 Qh5 21. Bf4 Rxc3 22. bxc3 e5 23. Bg3 Nxe4 24. Nxe5 Nxe5 25. Qxh5 Rxh5 26. Bxe4 Nf3+ 27. Bxf3 Bxf3 28. Re8 Kf7 29. Re3 Bg4 30. Rf1+ Bf5 31. Rd3 Ke6 32. Re1+ Kd7 33. Rd5 Kc6 34. c4 g6 35. Re8 Bg7 36. Rxd6+ Kc5 37. Re7 Bd4+ 38. Kh1 Kxc4 39. Rc7+ Bc5 40. h4 g5 41. Bf2 Kb5 42. c4+ Kb4 43. Be1+ Ka3 44. Rxc5 bxc5 45. Rxa6+ Kb2 46. Ra5 gxh4 47. Kh2 1/2-1/2

[Event "Niedersachsen-ch"]
[Site "Verden"]
[Date "2014.01.03"]
[Round "4"]
[White "Oshionwu, Nelo"]
[Black "Eschholz, Enno"]
[Result "1-0"]
[WhiteElo "1912"]
[BlackElo "2222"]
[PlyCount "93"]
[EventDate "2014.01.02"]
[EventType "swiss"]
[EventRounds "7"]
[EventCountry "GER"]
[SourceTitle "EXT 2016"]
[Source "ChessBase"]
[SourceDate "2015.10.08"]
[SourceVersion "1"]
[SourceVersionDate "2015.10.08"]
[SourceQuality "1"]

1. e4 c5 2. d4 cxd4 3. c3 Nf6 4. e5 Nd5 5. Qxd4 e6 6. Bc4 Nc6 7. Qe4 Nde7 8. Nf3 Ng6 9. 0-0 Qc7 10. Re1 Ncxe5 11. Nxe5 Nxe5 12. Bxe6 dxe6 13. Qxe5 Qxe5 14. Rxe5 Bd6 15. Re2 b6 16. Bg5 h6 17. Bh4 f5 18. Rd2 Bc7 19. f3 g5 20. Bg3 f4 21. Bf2 Ba6 22. Na3 Ke7 23. Re1 Rhd8 24. Rd4 e5 25. Ra4 Bd3 26. g3 Ke6 27. gxf4 gxf4 28. Rxf4 Rg8+ 29. Bg3 e4 30. Rfxe4+ Bxe4 31. Rxe4+ Kf6 32. Kf2 Bxg3+ 33. hxg3 Rae8 34. Rf4+ Kg6 35. Rg4+ Kf6 36. Rf4+ Kg6 37. Nb5 Re7 38. Nd4 Rd8 39. a3 a6 40. Rg4+ Kf6 41. Rh4 Kg6 42. f4 Rd5 43. f5+ Kg7 44. Ne6+ Kf6 45. Rxh6+ Kxf5 46. Ng7+ Kg5 47. Rh5+ 1-0

[Event "Niedersachsen-ch"]
[Site "Verden"]
[Date "2013.01.06"]
[Round "7"]
[White "Eschholz, Enno"]
[Black "Woestmann, Hans Joachim"]
[Result "1-0"]
[WhiteElo "2234"]
[BlackElo "2099"]
[PlyCount "33"]
[EventDate "2013.01.03"]
[EventType "swiss"]
[EventRounds "7"]
[EventCountry "GER"]
[SourceTitle "EXT 2014"]
[Source "ChessBase"]
[SourceDate "2013.11.20"]
[SourceVersion "1"]
[SourceVersionDate "2013.11.20"]
[SourceQuality "1"]

1. e4 e6 2. d4 d5 3. Nc3 Bb4 4. exd5 exd5 5. Bd3 Nc6 6. a3 Be7 7. Nce2 Bg4 8. c3 Nf6 9. Qc2 Bh5 10. Ng3 Bg6 11. Nf3 Bxd3 12. Qxd3 0-0 13. 0-0 Bd6 14. Nf5 Ne4 15. c4 Be7 16. cxd5 Qxd5 17. Ne3 1-0

[Event "Pardubice Czech op-A 23rd"]
[Site "Pardubice"]
[Date "2012.07.25"]
[Round "6"]
[White "Turner, Jan"]
[Black "Eschholz, Enno"]
[Result "1-0"]
[WhiteElo "2395"]
[BlackElo "2255"]
[PlyCount "71"]
[EventDate "2012.07.12"]
[EventType "swiss"]
[EventRounds "9"]
[EventCountry "CZE"]
[SourceTitle "CBM 149 Extra"]
[Source "ChessBase"]
[SourceDate "2012.08.24"]
[SourceVersion "1"]
[SourceVersionDate "2012.08.24"]
[SourceQuality "1"]

1. e4 c5 2. c3 Nf6 3. e5 Nd5 4. d4 cxd4 5. Qxd4 e6 6. Nf3 Nc6 7. Qe4 f5 8. Qe2 d6 9. g3 dxe5 10. Nxe5 Nxe5 11. Qxe5 Qd6 12. Qxd6 Bxd6 13. Bg2 Bd7 14. 0-0 Bc6 15. Nd2 Kf7 16. Re1 Rhe8 17. Nf3 e5 18. Ng5+ Kg6 19. Bxd5 Bxd5 20. Rd1 Be7 21. Rxd5 Bxg5 22. Bxg5 Kxg5 23. Rd7 Kf6 24. Rxb7 Red8 25. Kf1 Rd2 26. Re1 Rad8 27. Re2 Rd1+ 28. Kg2 e4 29. f3 e3 30. f4 R8d3 31. Rxa7 h6 32. Ra6+ Kf7 33. Ra5 R3d2 34. Kf3 Rh1 35. Rxf5+ Kg6 36. Rb5 1-0

[Event "Niedersachsen-ch"]
[Site "Verden"]
[Date "2012.01.04"]
[Round "6"]
[White "Eschholz, Enno"]
[Black "Oehne, Timo"]
[Result "1/2-1/2"]
[WhiteElo "2261"]
[BlackElo "1809"]
[PlyCount "38"]
[EventDate "2012.01.02"]
[EventType "swiss"]
[EventRounds "7"]
[EventCountry "GER"]
[SourceTitle "EXT 2021"]
[Source "ChessBase"]
[SourceDate "2020.10.23"]
[SourceVersion "1"]
[SourceVersionDate "2020.10.23"]
[SourceQuality "1"]

1. e4 c6 2. c4 d5 3. cxd5 cxd5 4. exd5 Nf6 5. Nc3 Nxd5 6. Nf3 e6 7. Bc4 Nxc3 8. bxc3 Qc7 9. Qe2 Bd6 10. d4 Nd7 11. Bb2 0-0 12. Bd3 Rb8 13. 0-0 b6 14. c4 Bb7 15. a3 Rbe8 16. Rfe1 Bxf3 17. Qxf3 e5 18. Be4 exd4 19. Bxd4 Ne5 1/2-1/2

[Event "Niedersachsen-ch"]
[Site "Verden"]
[Date "2012.01.04"]
[Round "5"]
[White "Plischki, Sebastian"]
[Black "Eschholz, Enno"]
[Result "1-0"]
[WhiteElo "2343"]
[BlackElo "2261"]
[PlyCount "101"]
[EventDate "2012.01.02"]
[EventType "swiss"]
[EventRounds "7"]
[EventCountry "GER"]
[SourceTitle "EXT 2021"]
[Source "ChessBase"]
[SourceDate "2020.10.23"]
[SourceVersion "1"]
[SourceVersionDate "2020.10.23"]
[SourceQuality "1"]

1. d4 Nf6 2. c4 Nc6 3. Nf3 e6 4. a3 d5 5. Nc3 a6 6. cxd5 exd5 7. Bf4 Ne7 8. e3 Ng6 9. Bg3 Bd6 10. Bd3 0-0 11. 0-0 Bg4 12. Qb3 Bxg3 13. hxg3 Qd6 14. Rac1 b6 15. Qc2 c5 16. dxc5 bxc5 17. Rfd1 Bxf3 18. gxf3 Qe5 19. f4 Qh5 20. Be2 Ng4 21. Bxg4 Qxg4 22. Qe2 Qxe2 23. Nxe2 Rab8 24. Rxc5 Rxb2 25. Nd4 Ne7 26. Nc6 Rb7 27. Nxe7+ Rxe7 28. Rdxd5 Ra7 29. Ra5 Rfa8 30. Kg2 Kf8 31. e4 Ke7 32. Kf3 Rc8 33. e5 Rc6 34. Rdc5 Rb6 35. f5 Kd7 36. Ra4 Ke7 37. Ke4 h5 38. Kf4 Rd7 39. Rca5 Ra7 40. Kg5 g6 41. f6+ Ke6 42. f4 Rc6 43. Rd4 Rd7 44. Rxd7 Kxd7 45. Rd5+ Ke8 46. Rd3 Rc5 47. Rb3 Ra5 48. Rb8+ Kd7 49. Rf8 Rxa3 50. Rxf7+ Kd8 51. Kxg6 1-0

[Event "Niedersachsen-ch"]
[Site "Verden"]
[Date "2012.01.02"]
[Round "2"]
[White "Eschholz, Enno"]
[Black "Schulz, Jens"]
[Result "1/2-1/2"]
[WhiteElo "2261"]
[BlackElo "2215"]
[PlyCount "46"]
[EventDate "2012.01.02"]
[EventType "swiss"]
[EventRounds "7"]
[EventCountry "GER"]
[SourceTitle "EXT 2021"]
[Source "ChessBase"]
[SourceDate "2020.10.23"]
[SourceVersion "1"]
[SourceVersionDate "2020.10.23"]
[SourceQuality "1"]

1. e4 c5 2. Nc3 Nc6 3. g3 g6 4. Bg2 Bg7 5. d3 d6 6. Be3 Nd4 7. Qd2 Rb8 8. Nd1 b5 9. c3 Nc6 10. Ne2 Bb7 11. 0-0 b4 12. f4 Nf6 13. Nf2 h5 14. h3 Qa5 15. d4 bxc3 16. bxc3 cxd4 17. Nxd4 Nd7 18. Rab1 Nb6 19. Nxc6 Bxc6 20. Bd4 Bxd4 21. Qxd4 0-0 22. g4 hxg4 23. Nxg4 Qc5 1/2-1/2

[Event "Pardubice TEV op"]
[Site "Pardubice"]
[Date "2011.07.30"]
[Round "9"]
[White "Eschholz, Enno"]
[Black "Gorovets, Andrey"]
[Result "1/2-1/2"]
[WhiteElo "2221"]
[BlackElo "2417"]
[PlyCount "55"]
[EventDate "2011.07.22"]
[EventType "swiss"]
[EventRounds "9"]
[EventCountry "CZE"]
[SourceTitle "EXT 2012"]
[Source "ChessBase"]
[SourceDate "2011.11.24"]
[SourceVersion "1"]
[SourceVersionDate "2011.11.24"]
[SourceQuality "1"]

1. e4 e6 2. d3 c5 3. g3 Nc6 4. Bg2 g6 5. Nc3 Bg7 6. Be3 d6 7. Qd2 Nd4 8. Nd1 e5 9. c3 Ne6 10. Ne2 Nf6 11. Bh6 0-0 12. Bxg7 Nxg7 13. Ne3 Ng4 14. 0-0 Nxe3 15. Qxe3 Qb6 16. Rab1 Bg4 17. Nc1 Qc7 18. d4 Be6 19. dxe5 dxe5 20. b3 Rfd8 21. Nd3 b6 22. f4 exf4 23. Nxf4 Qe5 24. Rbd1 g5 25. Nxe6 Nxe6 26. Qf3 Qg7 27. e5 Rab8 28. Qf5 1/2-1/2

[Event "Pardubice TEV op"]
[Site "Pardubice"]
[Date "2011.07.28"]
[Round "7"]
[White "Niedermeier, Thomas"]
[Black "Eschholz, Enno"]
[Result "0-1"]
[WhiteElo "2153"]
[BlackElo "2221"]
[PlyCount "104"]
[EventDate "2011.07.22"]
[EventType "swiss"]
[EventRounds "9"]
[EventCountry "CZE"]
[SourceTitle "EXT 2012"]
[Source "ChessBase"]
[SourceDate "2011.11.24"]
[SourceVersion "1"]
[SourceVersionDate "2011.11.24"]
[SourceQuality "1"]

1. e4 c5 2. Nf3 e6 3. d4 cxd4 4. Nxd4 Bc5 5. Nb3 Bb6 6. Nc3 Ne7 7. Bf4 d5 8. exd5 exd5 9. Qd2 0-0 10. 0-0-0 Nbc6 11. Be3 Be6 12. Be2 a5 13. Nd4 Nxd4 14. Bxd4 Nc6 15. Nb5 Rc8 16. Bxb6 Qxb6 17. Nd4 Nxd4 18. Qxd4 Rxc2+ 19. Kxc2 Bf5+ 20. Kc1 Rc8+ 21. Qc3 Rxc3+ 22. bxc3 Qb1+ 23. Kd2 Qb2+ 24. Ke1 Qxc3+ 25. Kf1 d4 26. Re1 g6 27. f3 Bc2 28. Kf2 d3 29. Bd1 b5 30. h4 h5 31. g4 hxg4 32. fxg4 Qd2+ 33. Kg3 Bxd1 34. Rxd1 Qe3+ 35. Kg2 d2 36. Rhf1 Qe2+ 37. Kg3 b4 38. Ra1 a4 39. Rad1 Kf8 40. Kh3 Ke7 41. Kg3 Ke6 42. Rb1 f5 43. gxf5+ gxf5 44. Rbd1 Qg4+ 45. Kf2 Qxh4+ 46. Ke2 Qc4+ 47. Ke3 Qxa2 48. Rxd2 Qc4 49. Rf4 Qc5+ 50. Ke2 a3 51. Rh4 b3 52. Rh6+ Ke5 0-1

[Event "Pardubice TEV op"]
[Site "Pardubice"]
[Date "2011.07.25"]
[Round "4"]
[White "Popov, Mikhail"]
[Black "Eschholz, Enno"]
[Result "0-1"]
[WhiteElo "2065"]
[BlackElo "2221"]
[PlyCount "70"]
[EventDate "2011.07.22"]
[EventType "swiss"]
[EventRounds "9"]
[EventCountry "CZE"]
[SourceTitle "EXT 2012"]
[Source "ChessBase"]
[SourceDate "2011.11.24"]
[SourceVersion "1"]
[SourceVersionDate "2011.11.24"]
[SourceQuality "1"]

1. e4 c5 2. Nf3 e6 3. Nc3 Nc6 4. d4 cxd4 5. Nxd4 a6 6. Nxc6 bxc6 7. Bd3 e5 8. 0-0 Nf6 9. Kh1 Be7 10. f4 d6 11. Qf3 0-0 12. b3 exf4 13. Bxf4 Ng4 14. e5 dxe5 15. Qxc6 Bd7 16. Qe4 f5 17. Qd5+ Kh8 18. Bxe5 Nxe5 19. Qxe5 Bf6 20. Qe1 Qc8 21. Bc4 Bb5 22. Nxb5 axb5 23. Be6 Qa6 24. Bd5 Rae8 25. Qb4 Bxa1 26. Rxa1 f4 27. c4 bxc4 28. bxc4 Rb8 29. Qd2 Qa3 30. h3 Rb2 31. Qd4 f3 32. Rg1 f2 33. Rf1 Qb4 34. Be4 Rd2 35. Bd3 Qa3 0-1

[Event "Niedersachsen-ch"]
[Site "Verden"]
[Date "2011.01.05"]
[Round "7"]
[White "Lubbe, Nikolas"]
[Black "Eschholz, Enno"]
[Result "1-0"]
[WhiteElo "2367"]
[BlackElo "2207"]
[PlyCount "25"]
[EventDate "2011.01.02"]
[EventType "swiss"]
[EventRounds "7"]
[EventCountry "GER"]
[SourceTitle "EXT 2018"]
[Source "ChessBase"]
[SourceDate "2017.10.13"]
[SourceVersion "1"]
[SourceVersionDate "2017.10.13"]
[SourceQuality "1"]

1. e4 c5 2. Nc3 Nc6 3. Nge2 e6 4. d4 cxd4 5. Nxd4 Bc5 6. Be3 Qb6 7. Ndb5 Bxe3 8. fxe3 a6 9. Nd6+ Ke7 10. Qd2 Nf6 11. 0-0-0 Ne5 12. Na4 Qc6 13. Qb4 1-0

[Event "Niedersachsen-ch"]
[Site "Verden"]
[Date "2011.01.02"]
[Round "1"]
[White "Eschholz, Enno"]
[Black "Tennert, Simon"]
[Result "1-0"]
[WhiteElo "2207"]
[BlackElo "2040"]
[PlyCount "77"]
[EventDate "2011.01.02"]
[EventType "swiss"]
[EventRounds "7"]
[EventCountry "GER"]
[SourceTitle "EXT 2018"]
[Source "ChessBase"]
[SourceDate "2017.10.13"]
[SourceVersion "1"]
[SourceVersionDate "2017.10.13"]
[SourceQuality "1"]

1. e4 c5 2. Nc3 e6 3. d3 d6 4. g3 g6 5. Bg2 Bg7 6. Be3 Nc6 7. Qd2 a6 8. Nge2 Nd4 9. Nd1 Nxe2 10. Qxe2 Qa5+ 11. c3 Nf6 12. 0-0 0-0 13. h3 e5 14. Qd2 Rb8 15. Bg5 Qc7 16. Ne3 Re8 17. f4 exf4 18. Rxf4 Nh5 19. Nd5 Qd7 20. Rf3 f5 21. Raf1 Re5 22. Nb6 Qc7 23. Nc4 fxe4 24. Rf7 Qxf7 25. Rxf7 Kxf7 26. g4 Nf6 27. Nxe5+ dxe5 28. Qf2 h6 29. Bxf6 Bxf6 30. Qxc5 Bd7 31. Bxe4 Rd8 32. Bxb7 Be6 33. Bxa6 e4 34. d4 Bg5 35. Qe5 e3 36. Bd3 Bd5 37. h4 Bxh4 38. Qxe3 Re8 39. Bxg6+ 1-0

[Event "Oberliga Nord W 0910"]
[Site "Germany"]
[Date "2010.02.28"]
[Round "7.5"]
[White "Hoellmann, Ludger"]
[Black "Eschholz, Enno"]
[Result "0-1"]
[WhiteElo "2185"]
[BlackElo "2198"]
[PlyCount "100"]
[EventDate "2009.10.18"]
[EventType "team-tourn"]
[EventRounds "9"]
[EventCountry "GER"]
[SourceTitle "EXT 2011"]
[Source "ChessBase"]
[SourceDate "2010.11.26"]
[SourceVersion "1"]
[SourceVersionDate "2010.11.26"]
[SourceQuality "1"]
[WhiteTeam "Nordhorn Blanke"]
[BlackTeam "Oldenburg Union"]
[WhiteTeamCountry "GER"]
[BlackTeamCountry "GER"]

1. d4 Nf6 2. Bf4 e6 3. e3 b6 4. Nf3 Bb7 5. Nbd2 Be7 6. h3 0-0 7. c3 Ne4 8. Be2 d6 9. 0-0 Nd7 10. a4 a5 11. Re1 Kh8 12. Nxe4 Bxe4 13. Nd2 Bb7 14. e4 Bg5 15. Bxg5 Qxg5 16. Bf1 e5 17. Nf3 Qe7 18. Bd3 Rad8 19. Qe2 Nf6 20. Rad1 g6 21. Bc2 Nh5 22. dxe5 dxe5 23. Qb5 f6 24. Kh2 Bc8 25. Bb3 Nf4 26. Ng1 Bd7 27. Qf1 Be6 28. Bxe6 Nxe6 29. Qc4 Rd7 30. Rxd7 Qxd7 31. Nf3 Nc5 32. b4 Qxa4 33. Rc1 Qb3 34. Qb5 Nxe4 35. Qc6 Nxf2 36. bxa5 Nd3 37. Rf1 bxa5 38. Qxc7 Qd5 39. Ng5 Qg8 40. Qd6 Nf4 41. Ne4 Kg7 42. g3 Qc4 43. Re1 Qa2+ 44. Nd2 Ne6 45. Re2 Rd8 46. Qe7+ Kh6 47. Qa7 Nf4 48. Qe3 Rd3 49. Qf2 Nxe2 50. Qxf6 Nxg3 0-1

[Event "Niedersachsen-ch open"]
[Site "Verden"]
[Date "2010.01.03"]
[Round "2.2"]
[White "Eschholz, Enno"]
[Black "Davydov, Mihail"]
[Result "1-0"]
[WhiteElo "2198"]
[BlackElo "2061"]
[PlyCount "49"]
[EventDate "2010.01.03"]
[EventType "swiss"]
[EventRounds "7"]
[EventCountry "GER"]
[SourceTitle "EXT 2012"]
[Source "ChessBase"]
[SourceDate "2011.11.24"]
[SourceVersion "1"]
[SourceVersionDate "2011.11.24"]
[SourceQuality "1"]

1. e4 c6 2. c4 d5 3. cxd5 cxd5 4. exd5 Nf6 5. Nc3 Nxd5 6. Bc4 Nb6 7. Bb3 Nc6 8. Nf3 Bf5 9. d4 e6 10. 0-0 Be7 11. Be3 0-0 12. Ne5 Qc7 13. Nb5 Qd8 14. Rc1 a6 15. Nc3 Nb4 16. Qf3 Rb8 17. Bf4 Bd6 18. Rfd1 Qe7 19. g4 Bg6 20. a3 Nc6 21. Qe3 Rfd8 22. Bg5 f6 23. Nxg6 hxg6 24. Bxe6+ Kh7 25. Qh3# 1-0

[Event "Oberliga Nord W 0910"]
[Site "Germany"]
[Date "2009.11.29"]
[Round "3.6"]
[White "Peters, Frank"]
[Black "Eschholz, Enno"]
[Result "0-1"]
[WhiteElo "2163"]
[BlackElo "2198"]
[PlyCount "66"]
[EventDate "2009.10.18"]
[EventType "team-tourn"]
[EventRounds "9"]
[EventCountry "GER"]
[SourceTitle "EXT 2011"]
[Source "ChessBase"]
[SourceDate "2010.11.26"]
[SourceVersion "1"]
[SourceVersionDate "2010.11.26"]
[SourceQuality "1"]
[WhiteTeam "Bremer SG"]
[BlackTeam "Oldenburg Union"]
[WhiteTeamCountry "GER"]
[BlackTeamCountry "GER"]

1. c4 e5 2. Nc3 Bb4 3. Nd5 Bc5 4. e3 c6 5. Nc3 Nf6 6. d4 exd4 7. exd4 Bb4 8. Bd3 0-0 9. Nge2 d5 10. 0-0 dxc4 11. Bxc4 Nbd7 12. Qc2 Bd6 13. h3 Nb6 14. Bd3 Be6 15. Re1 h6 16. Bf4 Nbd5 17. Nxd5 Nxd5 18. Bxd6 Qxd6 19. a3 Qd8 20. Rad1 Qh4 21. Bh7+ Kh8 22. Be4 Nf6 23. Ng3 Rfe8 24. Bf3 Qf4 25. Ne2 Qg5 26. Qc5 Bd5 27. Bxd5 Nxd5 28. Nc3 Rxe1+ 29. Rxe1 Qd2 30. Rd1 Qc2 31. Re1 Nf4 32. Qe5 Nd3 33. Qe2 Nxe1 0-1

[Event "Oberliga Nord W 0910"]
[Site "Germany"]
[Date "2009.11.15"]
[Round "2.5"]
[White "Steffens, Olaf"]
[Black "Eschholz, Enno"]
[Result "1-0"]
[WhiteElo "2267"]
[BlackElo "2198"]
[PlyCount "74"]
[EventDate "2009.10.18"]
[EventType "team-tourn"]
[EventRounds "9"]
[EventCountry "GER"]
[SourceTitle "EXT 2011"]
[Source "ChessBase"]
[SourceDate "2010.11.26"]
[SourceVersion "1"]
[SourceVersionDate "2010.11.26"]
[SourceQuality "1"]
[WhiteTeam "Werder Bremen II"]
[BlackTeam "Oldenburg Union"]
[WhiteTeamCountry "GER"]
[BlackTeamCountry "GER"]

1. e4 c5 2. Nc3 d6 3. f4 g6 4. Nf3 Bg7 5. Bc4 Nc6 6. 0-0 e6 7. f5 Ne5 8. Nxe5 Bxe5 9. Qf3 gxf5 10. d3 Qh4 11. g3 Qg4 12. exf5 Qxf3 13. Rxf3 Bd7 14. fxe6 fxe6 15. Bf4 Bd4+ 16. Be3 d5 17. Bb5 Bxe3+ 18. Rxe3 0-0-0 19. Re5 Nf6 20. Rae1 Rde8 21. Kg2 Rhf8 22. h3 a6 23. Bxd7+ Kxd7 24. Ne2 Rf7 25. Nf4 Rfe7 26. c4 Kd6 27. g4 b5 28. b3 Nd7 29. R5e2 Nb6 30. Rc1 e5 31. Nh5 Rf8 32. Ng3 Rg7 33. Rf2 Rxf2+ 34. Kxf2 Rf7+ 35. Nf5+ Ke6 36. cxb5 axb5 37. Rxc5 Rd7 1-0

[Event "Oberliga Nord W 0809"]
[Site "Germany"]
[Date "2008.12.14"]
[Round "4.7"]
[White "Eschholz, Enno"]
[Black "Schulz, Jens"]
[Result "1-0"]
[WhiteElo "2177"]
[BlackElo "2018"]
[PlyCount "78"]
[EventDate "2008.10.05"]
[EventType "team-tourn"]
[EventRounds "9"]
[EventCountry "GER"]
[SourceTitle "EXT 2010"]
[Source "ChessBase"]
[SourceDate "2010.11.25"]
[SourceVersion "1"]
[SourceVersionDate "2010.11.25"]
[SourceQuality "1"]
[WhiteTeam "Oldenburg Union"]
[BlackTeam "Nordhorn Blanke"]
[WhiteTeamCountry "GER"]
[BlackTeamCountry "GER"]

1. e4 c5 2. Nf3 d6 3. d4 cxd4 4. Nxd4 Nf6 5. Nc3 a6 6. Be2 e5 7. Nb3 Be6 8. Bg5 Nbd7 9. 0-0 Be7 10. Kh1 h6 11. Be3 g5 12. Re1 Qc7 13. Rc1 Nb6 14. Nd2 Rd8 15. Bd3 Ng4 16. Nf1 h5 17. f3 Nxe3 18. Nxe3 f6 19. Ncd5 Nxd5 20. exd5 Bd7 21. c4 Kf7 22. b4 a5 23. a3 axb4 24. axb4 Qb6 25. Qb3 g4 26. f4 exf4 27. c5 Qa7 28. Nf5 Bf8 29. c6 Bc8 30. Qc4 f3 31. Qe4 fxg2+ 32. Kxg2 bxc6 33. Nxd6+ Bxd6 34. Qg6+ Kf8 35. Qxf6+ Kg8 36. Qxd8+ Bf8 37. Qxc8 Qa2+ 38. Kg1 g3 39. Qe6+ Kg7 1-0

[Event "Oberliga Nord W 0708"]
[Site "Germany"]
[Date "2008.04.20"]
[Round "9.6"]
[White "Eschholz, Enno"]
[Black "Tchetchelnitski, Boris"]
[Result "0-1"]
[WhiteElo "2178"]
[BlackElo "2241"]
[PlyCount "108"]
[EventDate "2007.10.21"]
[EventType "team-tourn"]
[EventRounds "9"]
[EventCountry "GER"]
[SourceTitle "EXT 2009"]
[Source "ChessBase"]
[SourceDate "2008.11.26"]
[SourceVersion "1"]
[SourceVersionDate "2008.11.26"]
[SourceQuality "1"]
[WhiteTeam "Oldenburg Union"]
[BlackTeam "Bremen"]
[WhiteTeamCountry "GER"]
[BlackTeamCountry "GER"]

1. e4 d5 2. exd5 Qxd5 3. Nc3 Qd6 4. Nf3 Nf6 5. Bc4 Bg4 6. Qe2 Nc6 7. Nb5 Qd7 8. h3 Bxf3 9. Qxf3 a6 10. Nc3 e6 11. 0-0 Be7 12. Ne4 0-0 13. Nxf6+ Bxf6 14. Qh5 g6 15. Qd1 Bg7 16. Re1 Qd6 17. c3 Rad8 18. d4 b5 19. Bb3 Na5 20. Bc2 Nc4 21. Qe2 c5 22. b3 cxd4 23. cxd4 Nb6 24. Bg5 Rc8 25. Rad1 Nd5 26. Qd2 Nc3 27. Ra1 Qxd4 28. Qxd4 Bxd4 29. Bd3 Nd5 30. Rac1 Bf6 31. Bxf6 Nxf6 32. a4 bxa4 33. bxa4 a5 34. Rxc8 Rxc8 35. Rb1 Rd8 36. Bc4 Ne4 37. Rb2 Rd1+ 38. Kh2 Rd4 39. Rb8+ Kg7 40. Bb5 Nc5 41. Ra8 Nxa4 42. Rxa5 Nc3 43. Be8 Ne4 44. Ra7 Nd6 45. Bc6 h5 46. Ra2 Rc4 47. Ba8 Kf6 48. Rd2 Ke7 49. Ra2 h4 50. Ra7+ Kf6 51. Ra2 Rd4 52. Bc6 Ne4 53. Re2 Nd2 54. g3 hxg3+ 0-1